Welcome to CU Library Online Public Access Catalogue (OPAC)

Design Structural Elements (Record no. 8368)

MARC details
000 -LEADER
fixed length control field 00517nam a22001577a 4500
005 - DATE AND TIME OF LATEST TRANSACTION
control field 20251124194448.0
008 - FIXED-LENGTH DATA ELEMENTS--GENERAL INFORMATION
fixed length control field 251124b |||||||| |||| 00| 0 eng d
020 ## - INTERNATIONAL STANDARD BOOK NUMBER
International Standard Book Number 9780415268455
050 ## - LIBRARY OF CONGRESS CALL NUMBER
Classification number TA658
Item number .A79
100 ## - MAIN ENTRY--PERSONAL NAME
Personal name Arya, Chanakya
245 ## - TITLE STATEMENT
Title Design Structural Elements
Remainder of title concrete, steelwork, masonry and timber design to British Standards and Eurocodes
Statement of responsibility, etc. Chanakya Arya
250 ## - EDITION STATEMENT
Edition statement 2nd ed.
260 ## - PUBLICATION, DISTRIBUTION, ETC.
Place of publication, distribution, etc. London
-- New York
Name of publisher, distributor, etc. Spon Press
Date of publication, distribution, etc. 2008
300 ## - PHYSICAL DESCRIPTION
Extent xix. 441p.
Other physical details ill.
Dimensions 24.5cm
942 ## - ADDED ENTRY ELEMENTS (KOHA)
Source of classification or shelving scheme Library of Congress Classification
Koha item type Books
Edition 2nd ed.
Suppress in OPAC No
999 ## -
-- 8368
-- 8368
Holdings
Withdrawn status Lost status Source of classification or shelving scheme Damaged status Not for loan Collection Home library Current library Shelving location Date acquired Total checkouts Full call number Barcode Date last seen Copy number Price effective from Koha item type
    Library of Congress Classification     Non-fiction Science Library (Miotso) Science Library (Miotso) General stacks 11/24/2025   TA658 .A79 ARY SLM00006137 11/24/2025 1 11/24/2025 Books
    Library of Congress Classification     Non-fiction Science Library (Miotso) Science Library (Miotso) General stacks 11/24/2025   TA658 .A79 ARY SLM00006138 11/24/2025 2 11/24/2025 Books
    Library of Congress Classification     Non-fiction Science Library (Miotso) Science Library (Miotso) General stacks 11/24/2025   TA658 .A79 ARY SLM00006139 11/24/2025 3 11/24/2025 Books
    Library of Congress Classification     Non-fiction Science Library (Miotso) Science Library (Miotso) General stacks 11/24/2025   TA658 .A79 ARY SLM00006140 11/24/2025 4 11/24/2025 Books
    Library of Congress Classification     Non-fiction Science Library (Miotso) Science Library (Miotso) General stacks 11/24/2025   TA658 .A79 ARY SLM00006141 11/24/2025 5 11/24/2025 Books
    Library of Congress Classification     Non-fiction Science Library (Miotso) Science Library (Miotso) General stacks 11/24/2025   TA658 .A79 ARY SLM00006142 11/24/2025 6 11/24/2025 Books
    Library of Congress Classification     Non-fiction Science Library (Miotso) Science Library (Miotso) General stacks 11/24/2025   TA658 .A79 ARY SLM00006143 11/24/2025 7 11/24/2025 Books
    Library of Congress Classification     Non-fiction Science Library (Miotso) Science Library (Miotso) General stacks 11/24/2025   TA658 .A79 ARY SLM00006144 11/24/2025 8 11/24/2025 Books
© 2023-2024 Copyright: Central University Libraries. All Rights Reserved | Created by: Mahone Tech Office